Finish these Sayings - Statistics

General Stats
  • This quiz has been taken 206 times
    107 since last reset
  • The average score is 8 of 12
Answer Stats
Answer Person % Correct
May the {force} be with you Many Star Wars characters
94%
The only thing we have to {fear} is fear itself Franklin D. Roosevelt
94%
What doesn't {kill} you makes you stronger Freidrich Nietzsche
91%
To be or not to be, {that} is the question William Shakspeare
86%
Go ahead, {make} my day Clint Eastwood
78%
Whatever you are, be a {good} one Abraham Lincoln
69%
United we {stand}, divided we fall Aesop
65%
Three can keep a {secret}, if two of them are dead Benjamin Franklin
55%
Let sleeping dogs {Lie} Geoffrey Chauser
54%
Elementery, my dear {Watson} Sherlock Holmes
52%
A rose by any other name would {smell} as sweet William Shakespeare
44%
Speak {softly} and carry a big stick Theodore Roosevelt
25%
No matching quizzes found
Score Distribution
Percent of People with Each Score
Percentile by Number Answered
Your Score History
You have not taken this quiz since the last reset